| 000 | 00771nam a2200217Ia 4500 | ||
|---|---|---|---|
| 001 | 8972 | ||
| 003 | GE_BSU | ||
| 008 | 181216s||||||||xx |||||||||||||| ||und|| | ||
| 040 | _cGE_BSU | ||
| 100 | _aკარბელაშვილი,გივი | ||
| 245 | _aერთი პეშვი მიწა | ||
| 245 | _bნოველები და მოთხრობები | ||
| 245 | _cრედ.ალ.ადამია.მხატვ.დ.ზარაფიშვილი | ||
| 260 | _aთბილისი | ||
| 260 | _bლიტერატურა და ხელოვნება | ||
| 260 | _c1967 | ||
| 300 | _a201გვ.20სმ. | ||
| 653 | _aერთი პეშვი მიწა | ||
| 653 | _aნოველები | ||
| 942 | _cBK | ||
| 999 |
_c42277 _d42277 |
||